| 000 | 00428nam a2200181Ia 4500 | ||
|---|---|---|---|
| 008 | 210210b1956 xxu||||| |||| 00| 0 eng d | ||
| 041 | _aeng | ||
| 082 | _a311/2 | ||
| 100 | _aALLEN (R G D) | ||
| 245 | _aStatistics for economists | ||
| 260 |
_aLondon _bNot Mentioned _c1956 |
||
| 300 | _avii,216 | ||
| 650 | _aStatistics | ||
| 650 | _afor | ||
| 650 | _aeconomists | ||
| 690 | _aMathematical Statistics | ||
| 906 | _a001708 | ||
| 999 |
_c116569 _d116569 |
||